000 00596nam a2200229Ia 4500
003 OSt
005 20220924143057.0
006 a|||||r|||| 00| 0
007 ta
008 220923b |||||||| |||| 00| 0 ori d
024 _a306626
037 _cTextual
040 _aARTS
_cARTS
_bORI
041 _2ORI
_aORI
082 _aO1591,2NGH,KA, K7
100 _aGhosha Karttikakumara
_9214752
245 0 _aKa Age Kahibi
260 _c1967
650 _aORIYA LITERATURE
_927692
942 _hO1591,2NGH,KA, K7
_cTEXL
_2CC
999 _c453117
_d453117